000 00558nam a2200169 4500
001 123875
003 ES-MaACL
005 20230906192250.0
007 t|
008 070214s1978 sp r ||||1| spa d
100 1 _aQutb, Sa'id.
_994811
245 1 4 _aLas normas en el camino del Islam /
_cSa'id Qutb ; traducción del Comité Cultural del Centro Islámico en España.
260 _aGranada :
_bCentro Islámico en España,
_c1978.
300 _a236 p. ;
_c17 cm.
710 2 _aCentro Islámico de España.
_92751
852 _aES-MaACL
_jA-10972
_bR.100574
999 _c123875
_d123875